Understanding human behavior in health and illness / (Record no. 810)
[ view plain ]
| 000 -LEADER | |
|---|---|
| fixed length control field | 00980nam a22003378a 4500 |
| 005 - DATE AND TIME OF LATEST TRANSACTION | |
| control field | 20260322212035.0 |
| 008 - FIXED-LENGTH DATA ELEMENTS--GENERAL INFORMATION | |
| fixed length control field | data |
| 010 ## - LIBRARY OF CONGRESS CONTROL NUMBER | |
| LC control number | 84013047 |
| 020 ## - INTERNATIONAL STANDARD BOOK NUMBER | |
| International Standard Book Number | 0683077414 |
| 020 ## - INTERNATIONAL STANDARD BOOK NUMBER | |
| International Standard Book Number | 9780683077414 |
| 040 ## - CATALOGING SOURCE | |
| Modifying agency | CtY-M |
| -- | CtY-M |
| 050 0# - LIBRARY OF CONGRESS CALL NUMBER | |
| Classification number | R726.5 |
| Item number | .U5 1985 |
| 060 ## - NATIONAL LIBRARY OF MEDICINE CALL NUMBER | |
| Classification number | WM 100 U51 |
| 096 ## - LOCALLY ASSIGNED NLM-TYPE CALL NUMBER (OCLC) | |
| Classification number | WM 100 U51 1985 |
| 001 - CONTROL NUMBER | |
| control field | data |
| 245 00 - TITLE STATEMENT | |
| Title | Understanding human behavior in health and illness / |
| Statement of responsibility, etc. | edited by Richard C. Simons. |
| 250 ## - EDITION STATEMENT | |
| Edition statement | 3rd ed. |
| 260 0# - PUBLICATION, DISTRIBUTION, ETC. | |
| Place of publication, distribution, etc. | Baltimore : |
| Name of publisher, distributor, etc. | Williams & Wilkins, |
| Date of publication, distribution, etc. | c1985. |
| 263 ## - PROJECTED PUBLICATION DATE | |
| Projected publication date | 8501 |
| 300 ## - PHYSICAL DESCRIPTION | |
| Extent | xxiii, 822 p. : |
| Other physical details | ill. ;c26 cm. |
| 504 ## - BIBLIOGRAPHY, ETC. NOTE | |
| Bibliography, etc. note | Includes bibliographical references and index. |
| 590 ## - LOCAL NOTE (RLIN) | |
| Local note | Includes bibliographies and indexes. |
| 650 #0 - SUBJECT ADDED ENTRY--TOPICAL TERM | |
| Topical term or geographic name entry element | Medicine and psychology. |
| 650 #0 - SUBJECT ADDED ENTRY--TOPICAL TERM | |
| Topical term or geographic name entry element | Developmental psychology. |
| 650 #0 - SUBJECT ADDED ENTRY--TOPICAL TERM | |
| Topical term or geographic name entry element | Psychology, Pathological. |
| 650 #0 - SUBJECT ADDED ENTRY--TOPICAL TERM | |
| Topical term or geographic name entry element | Human behavior. |
| 650 #2 - SUBJECT ADDED ENTRY--TOPICAL TERM | |
| Topical term or geographic name entry element | Behavior. |
| 650 #2 - SUBJECT ADDED ENTRY--TOPICAL TERM | |
| Topical term or geographic name entry element | Psychology, Applied. |
| 650 #2 - SUBJECT ADDED ENTRY--TOPICAL TERM | |
| Topical term or geographic name entry element | Psychopathology. |
| 700 1# - ADDED ENTRY--PERSONAL NAME | |
| Personal name | Simons, Richard C., |
| Dates associated with a name | 1933- |
| Withdrawn status | Lost status | Damaged status | Not for loan | Home library | Current library | Shelving location | Date acquired | Total checkouts | Full call number | Barcode | Date last seen | Price effective from | Koha item type |
|---|---|---|---|---|---|---|---|---|---|---|---|---|---|
| Riverside | Riverside | General stacks | 22/03/2026 | R726.5 .U5 1985 | BC0010834 | 22/03/2026 | 22/03/2026 | Books |